Undoing buildings : (Record no. 31187)

MARC details
000 -LEADER
fixed length control field 01733nam a2200325 i 4500
001 - CONTROL NUMBER
control field ocn1088529439
003 - CONTROL NUMBER IDENTIFIER
control field EG-ScBUE
005 - DATE AND TIME OF LATEST TRANSACTION
control field 20260408092846.0
008 - FIXED-LENGTH DATA ELEMENTS--GENERAL INFORMATION
fixed length control field 190221s2020 nyua f b 001 0 eng d
020 ## - INTERNATIONAL STANDARD BOOK NUMBER
International Standard Book Number 9781138226630
035 ## - SYSTEM CONTROL NUMBER
System control number (OCoLC)ocn1088529439
035 ## - SYSTEM CONTROL NUMBER
System control number (YBP)16070686
040 ## - CATALOGING SOURCE
Original cataloging agency DLC
Language of cataloging eng
Description conventions rda
Transcribing agency DLC
Modifying agency OCLCO
-- OCLCF
-- YDX
-- PUL
-- YUS
-- DLC
-- EG-ScBUE
082 04 - DEWEY DECIMAL CLASSIFICATION NUMBER
Classification number 720.103
Edition number 22
Item number STO
100 1# - MAIN ENTRY--PERSONAL NAME
Personal name Stone, Sally,
Relator term author.
245 10 - TITLE STATEMENT
Title Undoing buildings :
Remainder of title adaptive reuse and cultural memory /
Statement of responsibility, etc Sally Stone.
264 #1 - PUBLICATION, DISTRIBUTION, ETC. (IMPRINT)
Place of publication, distribution, etc New York, NY :
Name of publisher, distributor, etc Routledge,
Date of publication, distribution, etc 2020.
300 ## - PHYSICAL DESCRIPTION
Extent xvii, 249 pages :
Other physical details illustrations ;
Dimensions 25 cm
336 ## - CONTENT TYPE
Content type term text
Content type code txt
Source rdacontent
337 ## - MEDIA TYPE
Media type term unmediated
Media type code n
Source rdamedia
338 ## - CARRIER TYPE
Carrier type term volume
Carrier type code nc
Source rdacarrier
504 ## - BIBLIOGRAPHY, ETC. NOTE
Bibliography, etc Includes bibliographical references and index.
505 0# - FORMATTED CONTENTS NOTE
Formatted contents note Reading and recognition : landmarks of memory -- The perception of the past : the task of the translator -- Site specific art : unintentional monuments -- The problem of obsolete buildings: a society can only support so many museums -- Memory and anticipation : the existing building and the expectations of the new users -- Conservation : a future orientated movement focussing on the past -- Sustainable adaptation -- Spatial agency or taking action -- Smartness and the impact of the digital -- On taking away -- On making additions : assemblage, memory and the recovery of wholeness -- Itinerant elements -- Nearness and thinking about details.
650 #7 - SUBJECT ADDED ENTRY--TOPICAL TERM
Topical term or geographic name as entry element Architecture
General subdivision Conservation and restoration.
Source of heading or term BUEsh
650 #7 - SUBJECT ADDED ENTRY--TOPICAL TERM
Topical term or geographic name as entry element Buildings
General subdivision Remodeling for other use.
Source of heading or term BUEsh
650 #7 - SUBJECT ADDED ENTRY--TOPICAL TERM
Topical term or geographic name as entry element Architecture and society.
Source of heading or term BUEsh
653 ## - INDEX TERM--UNCONTROLLED
Arrived date list April2026
Resource For college Arts and Design
655 ## - INDEX TERM--GENRE/FORM
Form subdivision Reading book
942 ## - ADDED ENTRY ELEMENTS (KOHA)
Source of classification or shelving scheme Dewey Decimal Classification
Koha item type Book - Borrowing
Holdings
Withdrawn status Lost status Source of classification or shelving scheme Damaged status Not for loan Collection code Home library Current library Shelving location Date acquired Source of acquisition Cost, normal purchase price Serial Enumeration / chronology Total Checkouts Full call number Barcode Date last seen Cost, replacement price Price effective from Koha item type
    Dewey Decimal Classification     Baccah Central Library Central Library Second Floor 08/04/2026 Purchase 4149.00 40179   720.103 STO 000057613 08/04/2026 5186.00 08/04/2026 Book - Borrowing